El libro de Manuel y Camila : (Record no. 194050)
[ view plain ]
| 000 -LEADER | |
|---|---|
| campo de control de longitud fija | 03035nam a22004337i 4500 |
| 001 - NÚMERO DE CONTROL | |
| campo de control | 194050 |
| 003 - IDENTIFICADOR DE NÚMERO DE CONTROL | |
| campo de control | RBPG |
| 005 - FECHA Y HORA DE LA ÚLTIMA TRANSACCIÓN | |
| campo de control | 20250825062638.0 |
| 008 - DATOS DE LONGITUD FIJA--INFORMACIÓN GENERAL | |
| campo de control de longitud fija | 240219s2001 sp | 00| 0 spa |
| 017 ## - NÚMERO DE COPYRIGHT O DE DEPÓSITO LEGAL | |
| Número de copyright o de depósito legal | B 42402--2001 |
| 020 ## - NÚMERO INTERNACIONAL ESTÁNDAR DEL LIBRO | |
| Número Internacional Estándar del Libro | 8474328950 |
| 040 ## - FUENTE DE CATALOGACIÓN | |
| Centro catalogador/agencia de origen | SpMaBN |
| Lengua de catalogación | glg |
| Centro/agencia transcriptor | SpMaBN |
| Centro/agencia modificador | col2 |
| 080 #0 - NÚMERO DE LA CLASIFICACIÓN DECIMAL UNIVERSAL | |
| Número de la Clasificación Decimal Universal | 087.5:17 |
| 100 #0 - ENTRADA PRINCIPAL--NOMBRE DE PERSONA | |
| Nombre de persona | Tugendhat, Ernst, |
| Fechas asociadas al nombre | 1930- |
| 9 (RLIN) | 235667 |
| 245 13 - MENCIÓN DEL TÍTULO | |
| Título | El libro de Manuel y Camila : |
| Resto del título | diálogos sobre ética / |
| Mención de responsabilidad, etc. | Ernst Tugendhat, Ana María Vicuña y Celso López. |
| 250 ## - MENCION DE EDICION | |
| Mención de edición | 1ª ed., 3ª reimp. |
| 260 ## - PUBLICACIÓN, DISTRIBUCIÓN, ETC. | |
| Lugar de publicación, distribución, etc. | Barcelona : |
| Nombre del editor, distribuidor, etc. | Gedisa, |
| Fecha de publicación, distribución, etc. | 2001. |
| 300 ## - DESCRIPCIÓN FÍSICA | |
| Extensión | 165 p. ; |
| Dimensiones | 23 cm |
| 336 ## - TIPO DE CONTENIDO | |
| Fuente | rdacontent |
| Término de tipo de contenido | texto |
| 337 ## - TIPO DE MEDIO | |
| Fuente | rdamedia |
| Nombre/término del tipo de medio | sin mediación |
| 338 ## - TIPO DE SOPORTE | |
| Fuente | rdacarrier |
| Nombre/término del tipo de soporte | volumen |
| 490 1# - MENCIÓN DE SERIE | |
| Mención de serie | Campo de estrellas |
| 500 ## - NOTA GENERAL | |
| Nota general | Traducción de: Wie sollen wir handeln? Schülergespräche über Moral |
| 520 ## - RESUMEN, ETC. | |
| Sumario, etc. | ¿Por qué el asesinato es el peor crimen? ¿Por qué hay que respetar a los demás? ¿Cuándo se debe ayudar a otras personas? ¿Por qué se deben cumplir las promesas? ¿Qué significa ser responsable? ¿Por qué es malo robar? Estas y muchas otras cuestiones dan lugar a animadas y a veces acaloradas discusiones sobre las que Manuel, Camila y sus compañeros de clase dicen lo que piensan y sienten, inquietos por los sucesos que cuentan sus padres en casa, que ven en la televisión, en la calle e incluso en el patio de colegio. Por primera vez sienten la necesidad de encontrar respuestas a tantos interrogantes que las acciones humanas despiertan y despertarán en ellos durante el resto de sus vidas. Ernst Tugendhat, el prestigioso filósofo alemán, en colaboración con Celso López y Ana María Vicuña, profesores de primaria con una larga experiencia docente en Chile han escrito un libro desenfadado y nada forzado mediante el cual niños y adolescentes aprenderán a pensar éticamente, a través de la lectura de lo que dicen y piensan niños que están igualmente aprendiendo a hacerlo. En El libro de Manuel y Camila no se dice nada acerca de las opiniones de los grandes filósofos, ni siquiera todas las preguntas encuentran respuesta, pero al lector le quedará la impresión de que aquí todos los participantes han hecho grandes y sinceros esfuerzos. ¿Y no es esto lo que en el fondo se puede esperar de la Filosofía? |
| 594 ## - NOTA AL TITULO Y MENCION DE RESPONSABILIDAD | |
| Nota al título y mención de responsabilidad | Traducción de: Wie sollen wir handeln? |
| 650 #7 - PUNTO DE ACCESO ADICIONAL DE MATERIA--TÉRMINO DE MATERIA | |
| Término de materia o nombre geográfico como elemento de entrada | Ética |
| Fuente del encabezamiento o término | embne |
| 9 (RLIN) | 12577 |
| 655 #7 - TERMINO DE INDIZACIÓN--GENERO/FORMA | |
| Fuente del término | tgfbne |
| Datos o término principal de género/forma | Libros infantiles |
| 9 (RLIN) | 226786 |
| 700 #0 - ENTRADA AGREGADA--NOMBRE PERSONAL | |
| Nombre de persona | Vicuña, Ana María |
| 9 (RLIN) | 235670 |
| 700 10 - ENTRADA AGREGADA--NOMBRE PERSONAL | |
| Nombre de persona | López, Celso |
| 9 (RLIN) | 235671 |
| 830 ## - PUNTO DE ACCESO ADICIONAL DE SERIE-TÍTULO UNIFORME | |
| Título uniforme | Campo de estrellas |
| 9 (RLIN) | 236205 |
| 852 ## - LOCALIZACIÓN | |
| Ubicación | ES-MaACL |
| Sublocalización o colección | R.155063 |
| Ubicación en estantería | Depósito J |
| Número de control de estantería | N-9839 |
| Encuadernación | Encuadernación cartoné |
| itemnumber | 202169 |
| Donativo/Legado | Donación: Verónica Torres |
| 903 ## - NOMBRE PERSONAL DE DONANTE | |
| a | Torres, Verónica |
| 9 | 236206 |
| e | Donante |
| 942 00 - ELEMENTOS DE ENTRADA SECUNDARIOS (KOHA) | |
| Tipo de ítem Koha | Libro impreso |
| Suprimir en OPAC | No |
| Estatus retirado | Estado de pérdida | Fuente del sistema de clasificación o colocación | Estado de daño | No para préstamo | Biblioteca de origen | Biblioteca actual | Ubicación en estantería | Fecha de adquisición | Fuente de adquisición | Total de préstamos | Signatura topográfica completa | Código de barras | Visto por última vez | Precio de reemplazo | Tipo de ítem Koha |
|---|---|---|---|---|---|---|---|---|---|---|---|---|---|---|---|
| Clasificación decimal universal | Biblioteca del Ateneo de Madrid | Biblioteca del Ateneo de Madrid | Depósito J | 06/05/2024 | Donación | N-9839 | 101227233 | 06/05/2024 | 06/05/2024 | Libro impreso |
